Psychologie différentielle (notice n° 1925595)

détails MARC
000 -LEADER
fixed length control field 01501cam a2200133 4500500
005 - DATE AND TIME OF LATEST TRANSACTION
control field 20260329023224.0
041 ## - LANGUAGE CODE
Language code of text/sound track or separate title fre
042 ## - AUTHENTICATION CODE
Authentication code dc
100 10 - MAIN ENTRY--PERSONAL NAME
Personal name Eme, Elsa
Relator term author
245 00 - TITLE STATEMENT
Title Psychologie différentielle
260 ## - PUBLICATION, DISTRIBUTION, ETC.
Name of publisher, distributor, etc. Armand Colin,<br/>
Date of publication, distribution, etc. 2003.<br/>
520 ## - SUMMARY, ETC.
Summary, etc. Placés dans des situations identiques tous les individus ne se comportent pas de la même manière : ils ne réussissent pas de la même façon dans les activités intellectuelles, ils ont des réactions différentes les uns des autres sur un plan affectif. Comment peut-on "objectivement" décrire ces différences et à quoi peut-on les attribuer ? Cet ouvrage expose les travaux en psychologie différentielle relatifs à de telles questions. Il montre comment les tests mentaux, décriés ou trop exploités, sont construits et utilisés pour évaluer les personnes, en référence à des théories que l'on sait incomplètes, mais qui présentent néanmoins une certaine validité. Il traite aussi de la variabilité entre les groupes : liée au sexe, au milieu social, aux générations. Il évoque enfin les interrogations sur les origines, génétiques et environnementales, des différences, ainsi que sur la possibilité de les modifier. Agrémenté de documents et de fiches techniques, l'ouvrage s'adresse à ceux qui veulent mieux comprendre les différences psychologiques entre les individus.
856 41 - ELECTRONIC LOCATION AND ACCESS
Uniform Resource Identifier <a href="https://shs.cairn.info/psychologie-differentielle--9782200265281?lang=fr&redirect-ssocas=7080">https://shs.cairn.info/psychologie-differentielle--9782200265281?lang=fr&redirect-ssocas=7080</a>

Pas d'exemplaire disponible.

PLUDOC

PLUDOC est la plateforme unique et centralisée de gestion des bibliothèques physiques et numériques de Guinée administré par le CEDUST. Elle est la plus grande base de données de ressources documentaires pour les Étudiants, Enseignants chercheurs et Chercheurs de Guinée.

Adresse

627 919 101/664 919 101

25 boulevard du commerce
Kaloum, Conakry, Guinée

Réseaux sociaux

Powered by Netsen Group @ 2025